[Event "DSOL 01 Liga Gr-D 1st"]
[Site "Playchess.com INT"]
[Date "2020.06.26"]
[Round "1.3"]
[White "Thannheiser, Thomas"]
[Black "Machlin, Maxim"]
[Result "0-1"]
[WhiteElo "2181"]
[BlackElo "1951"]
[PlyCount "86"]
[EventDate "2020.06.22"]
[EventType "team-tourn (rapid)"]
[EventCountry "GER"]
[SourceTitle "EXT 2021"]
[Source "ChessBase"]
[SourceDate "2020.10.23"]
[SourceVersion "1"]
[SourceVersionDate "2020.10.23"]
[SourceQuality "1"]
[WhiteTeam "Luebeck SV"]
[BlackTeam "Biebertal"]
[WhiteTeamCountry "GER"]
[BlackTeamCountry "GER"]

1. e4 Nf6 2. d3 e6 3. Bg5 d5 4. e5 h6 5. Bh4 g5 6. Bg3 Nfd7 7. h4 Rg8 8. hxg5 hxg5 9. d4 c5 10. c3 Nc6 11. Rh7 Qb6 12. Na3 a6 13. Qh5 Qxb2 14. Qxf7+ Kd8 15. Nc2 Qxc2 16. Qxg8 Qxc3+ 17. Kd1 Qxa1+ 18. Kd2 Qxd4+ 19. Kc1 Qa1+ 20. Kd2 Qxf1 21. Nf3 Nb4 22. Ne1 Qc4 23. Rxd7+ Kxd7 24. Qxf8 b6 25. a3 Na2 26. Qd6+ Ke8 27. Qc6+ Ke7 28. Qxa8 Qc3+ 29. Ke2 Nc1+ 30. Kd1 Nb3 31. Nf3 Qc1+ 32. Ke2 Bd7 33. Qxa6 Qb2+ 34. Ke1 Qb1+ 35. Ke2 Bb5+ 36. Qxb5 Nc1+ 37. Kd2 Qxb5 38. Kxc1 Qb3 39. Nxg5 c4 40. Nf3 c3 41. Bh4+ Kd7 42. Bg5 Qb2+ 43. Kd1 c2+ 0-1

[Event "Forchheim op-A 14th"]
[Site "Forchheim"]
[Date "2015.10.02"]
[Round "1"]
[White "Machlin, Maxim"]
[Black "Braun, Michael1"]
[Result "0-1"]
[WhiteElo "2015"]
[BlackElo "2019"]
[PlyCount "84"]
[EventDate "2015.10.02"]
[EventType "swiss"]
[EventRounds "5"]
[EventCountry "GER"]
[SourceTitle "EXT 2019"]
[Source "ChessBase"]
[SourceDate "2018.10.10"]
[SourceVersion "1"]
[SourceVersionDate "2018.10.10"]
[SourceQuality "1"]

1. e4 c5 2. Nf3 d6 3. d4 cxd4 4. Nxd4 Nf6 5. Nc3 a6 6. Rg1 e5 7. Nb3 Be6 8. g4 h6 9. h4 d5 10. g5 hxg5 11. hxg5 Nxe4 12. Nxe4 dxe4 13. Qxd8+ Kxd8 14. Bg2 Nc6 15. Be3 Kc7 16. 0-0-0 Bf5 17. Nd2 Nb4 18. Nc4 Re8 19. Bb6+ Kc6 20. Bd8 b6 21. Bxb6 Nxa2+ 22. Kb1 Nb4 23. Bd8 Kb7 24. Ne3 Bg6 25. Rd7+ Kc8 26. Rgd1 Bd6 27. R7xd6 Rxd8 28. Rb6 Rxd1+ 29. Nxd1 a5 30. Rb5 Nc6 31. Rc5 Kd7 32. Ne3 Kd6 33. Rb5 Rh2 34. Kc1 f5 35. gxf6 gxf6 36. Bf1 Rxf2 37. Bh3 f5 38. Nc4+ Ke6 39. Rb6 Kd5 40. Nxa5 Nxa5 41. Rxg6 e3 42. Rg1 Nc6 0-1

[Event "Wiesbaden op 26th"]
[Site "Wiesbaden"]
[Date "2014.08.30"]
[Round "4"]
[White "Stuhlmann, Florian"]
[Black "Machlin, Maxim"]
[Result "1/2-1/2"]
[WhiteElo "1654"]
[BlackElo "2009"]
[PlyCount "126"]
[EventDate "2014.08.28"]
[EventType "swiss"]
[EventRounds "7"]
[EventCountry "GER"]
[SourceTitle "CBM 162 Extra"]
[Source "ChessBase"]
[SourceDate "2014.10.17"]
[SourceVersion "1"]
[SourceVersionDate "2014.10.17"]
[SourceQuality "1"]

1. d4 d5 2. c4 e6 3. Nc3 c6 4. e4 dxe4 5. Nxe4 Bb4+ 6. Nc3 c5 7. a3 Ba5 8. Nf3 Nf6 9. Qd3 0-0 10. Bg5 h6 11. Bh4 cxd4 12. Nxd4 e5 13. Ndb5 Qxd3 14. Bxd3 a6 15. Nd6 Rd8 16. c5 Bxc3+ 17. bxc3 Nbd7 18. Bc4 Rf8 19. Rd1 Nxc5 20. Nxf7 b5 21. Ba2 Be6 22. Bxe6 Nxe6 23. Bxf6 gxf6 24. Nxh6+ Kh7 25. Ng4 Rac8 26. Kd2 Nf4 27. Kc2 Rc6 28. Kb2 Rfc8 29. Rd2 Kg6 30. g3 Ne6 31. Rd3 Nc5 32. Rf3 Na4+ 33. Kb3 Rxc3+ 34. Rxc3 Rxc3+ 35. Ka2 Rc2+ 36. Kb1 Rb2+ 37. Ka1 Kf5 38. Ne3+ Ke4 39. Nd1 Rd2 40. Re1+ Kd4 41. h4 Kd5 42. Rh1 Ke6 43. Rg1 a5 44. Rh1 Rd3 45. h5 Rxa3+ 46. Kb1 Rd3 47. h6 Rd8 48. h7 Rh8 49. Ne3 Nc3+ 50. Kc2 Nd5 51. Ng4 f5 52. Rh6+ Kf7 53. Nxe5+ Kg7 54. Rd6 Nb4+ 55. Kb3 Kxh7 56. Rd7+ Kg8 57. Rb7 Rh2 58. Rxb5 Rxf2 59. Rxa5 Nc2 60. Nd3 Rg2 61. Kc3 Ne3 62. Ra8+ Kg7 63. Nf4 Nd5+ 1/2-1/2

[Event "Wiesbaden op 26th"]
[Site "Wiesbaden"]
[Date "2014.08.29"]
[Round "3"]
[White "Machlin, Maxim"]
[Black "Wilke, Tabea"]
[Result "1-0"]
[WhiteElo "2009"]
[BlackElo "1750"]
[PlyCount "31"]
[EventDate "2014.08.28"]
[EventType "swiss"]
[EventRounds "7"]
[EventCountry "GER"]
[SourceTitle "CBM 162 Extra"]
[Source "ChessBase"]
[SourceDate "2014.10.17"]
[SourceVersion "1"]
[SourceVersionDate "2014.10.17"]
[SourceQuality "1"]

1. e4 c5 2. Nf3 Nc6 3. d4 cxd4 4. Nxd4 Nf6 5. Nc3 e5 6. Ndb5 d6 7. Nd5 Nxd5 8. exd5 Nb8 9. Qf3 a6 10. Qa3 b6 11. Bg5 Qd7 12. Qc3 f6 13. Nc7+ Kd8 14. Nxa8 Qb7 15. Be3 Nd7 16. Qc6 1-0

[Event "Wiesbaden op 25th"]
[Site "Wiesbaden"]
[Date "2013.08.25"]
[Round "7"]
[White "Boeddeker, Henry"]
[Black "Machlin, Maxim"]
[Result "1/2-1/2"]
[WhiteElo "1810"]
[BlackElo "2009"]
[PlyCount "86"]
[EventDate "2013.08.22"]
[EventType "swiss"]
[EventRounds "7"]
[EventCountry "GER"]
[SourceTitle "CBM 156 Extra"]
[Source "ChessBase"]
[SourceDate "2013.10.22"]
[SourceVersion "1"]
[SourceVersionDate "2013.10.22"]
[SourceQuality "1"]

1. e4 Nf6 2. e5 Nd5 3. d4 d6 4. c4 Nb6 5. exd6 exd6 6. Nf3 Bg4 7. h3 Bxf3 8. Qxf3 Nc6 9. Be3 Be7 10. Nc3 0-0 11. Be2 Bg5 12. 0-0 f5 13. Rad1 Bxe3 14. fxe3 Qe7 15. Bd3 g6 16. Rde1 Rae8 17. Nd5 Nxd5 18. Qxd5+ Kg7 19. a3 Qf6 20. b4 Re7 21. b5 Na5 22. e4 Nb3 23. e5 Qh4 24. c5 Qxd4+ 25. Qxd4 Nxd4 26. exd6 Rxe1 27. Rxe1 cxd6 28. cxd6 Rf7 29. Bc4 Rf8 30. Re7+ Kf6 31. Rxb7 Ra8 32. Rxh7 Ke5 33. d7 Rd8 34. a4 Kd6 35. Kf2 Kc5 36. Bd3 Kb4 37. Ke3 Ne6 38. Re7 Nc5 39. Rg7 Kxa4 40. Rxg6 Nxd3 41. Kxd3 Kxb5 42. Rd6 Kc5 43. Rd4 Kc6 1/2-1/2

[Event "Wiesbaden op 25th"]
[Site "Wiesbaden"]
[Date "2013.08.23"]
[Round "3"]
[White "Machlin, Maxim"]
[Black "Sobolevsky, Leonid"]
[Result "0-1"]
[WhiteElo "2009"]
[BlackElo "2176"]
[PlyCount "92"]
[EventDate "2013.08.22"]
[EventType "swiss"]
[EventRounds "7"]
[EventCountry "GER"]
[SourceTitle "CBM 156 Extra"]
[Source "ChessBase"]
[SourceDate "2013.10.22"]
[SourceVersion "1"]
[SourceVersionDate "2013.10.22"]
[SourceQuality "1"]

1. e4 c5 2. Nf3 Nc6 3. d4 cxd4 4. Nxd4 e5 5. Nb5 d6 6. N1c3 a6 7. Na3 f5 8. Nd5 Nf6 9. Bg5 Be7 10. Bxf6 Bxf6 11. Nc4 0-0 12. Ndb6 Rb8 13. Qd5+ Kh8 14. Nxc8 Rxc8 15. Qxd6 Nd4 16. Qxd8 Rfxd8 17. 0-0-0 b5 18. Ne3 f4 19. Ng4 Rxc2+ 20. Kb1 Rc7 21. Nxf6 gxf6 22. f3 Rdc8 23. Bd3 Rg8 24. Rd2 Rcg7 25. Bf1 h5 26. Rf2 Kh7 27. g3 fxg3 28. hxg3 Rxg3 29. Rxh5+ Kg6 30. Rh3 Rxh3 31. Bxh3 Rh8 32. Bf1 Rh4 33. Rg2+ Kf7 34. Rf2 Rf4 35. Bg2 Rh4 36. Bf1 Kg6 37. Kc1 Kg5 38. a4 Kf4 39. axb5 axb5 40. Kd2 b4 41. Kd3 Rh8 42. Be2 Rd8 43. Rf1 Nf5+ 44. Kc4 Ne3+ 45. Kxb4 Nxf1 46. Bxf1 Kxf3 0-1

[Event "Wiesbaden op 24th"]
[Site "Wiesbaden"]
[Date "2012.08.26"]
[Round "7"]
[White "Marzec, Witold"]
[Black "Machlin, Maxim"]
[Result "0-1"]
[WhiteElo "1846"]
[BlackElo "1981"]
[PlyCount "36"]
[EventDate "2012.08.23"]
[EventType "swiss"]
[EventRounds "7"]
[EventCountry "GER"]
[SourceTitle "CBM 150 Extra"]
[Source "ChessBase"]
[SourceDate "2012.10.19"]
[SourceVersion "1"]
[SourceVersionDate "2012.10.19"]
[SourceQuality "1"]

1. d4 d5 2. c4 c6 3. Nf3 e6 4. Nc3 dxc4 5. a4 Bb4 6. e3 b5 7. Bd2 a5 8. Qc2 Nf6 9. Be2 Bb7 10. 0-0 Bxc3 11. bxc3 0-0 12. Ne5 Nbd7 13. f4 Nxe5 14. fxe5 Nd5 15. e4 Nb6 16. axb5 cxb5 17. Rf3 b4 18. cxb4 Qxd4+ 0-1

[Event "Wiesbaden op 24th"]
[Site "Wiesbaden"]
[Date "2012.08.25"]
[Round "4"]
[White "Machlin, Maxim"]
[Black "Lanz, Udo"]
[Result "0-1"]
[WhiteElo "1981"]
[BlackElo "1893"]
[PlyCount "40"]
[EventDate "2012.08.23"]
[EventType "swiss"]
[EventRounds "7"]
[EventCountry "GER"]
[SourceTitle "CBM 150 Extra"]
[Source "ChessBase"]
[SourceDate "2012.10.19"]
[SourceVersion "1"]
[SourceVersionDate "2012.10.19"]
[SourceQuality "1"]

1. e4 c5 2. Nf3 Nc6 3. d4 cxd4 4. Nxd4 Nf6 5. Nc3 g6 6. Be3 Bg7 7. f3 0-0 8. Qd2 d5 9. Nxc6 bxc6 10. 0-0-0 e6 11. h4 Qa5 12. Kb1 Rb8 13. e5 Nd7 14. f4 Qc7 15. h5 c5 16. hxg6 fxg6 17. Nxd5 exd5 18. Qxd5+ Kh8 19. Qd3 Nxe5 20. Qc3 Nd3 0-1

[Event "Rhein Main op-A 15th"]
[Site "Bad Homburg"]
[Date "2012.06.08"]
[Round "4"]
[White "Busch, Lorenz"]
[Black "Machlin, Maxim"]
[Result "1-0"]
[WhiteElo "2125"]
[BlackElo "2002"]
[PlyCount "77"]
[EventDate "2012.06.06"]
[EventType "swiss"]
[EventRounds "7"]
[EventCountry "GER"]
[SourceTitle "EXT 2013"]
[Source "ChessBase"]
[SourceDate "2012.11.22"]
[SourceVersion "1"]
[SourceVersionDate "2012.11.22"]
[SourceQuality "1"]

1. d4 d5 2. c4 c6 3. Nf3 e6 4. g3 Nf6 5. Bg2 Ne4 6. 0-0 Nd7 7. b3 Be7 8. Ne1 f5 9. Qc2 0-0 10. Nd3 Bf6 11. e3 Kh8 12. f3 Nd6 13. Ba3 Be7 14. Nd2 Nf6 15. Ne5 Nf7 16. Bxe7 Qxe7 17. Nd3 e5 18. Rae1 e4 19. fxe4 fxe4 20. Nf4 b6 21. Rc1 Ba6 22. Rfe1 g5 23. Nh3 Rac8 24. Nf2 Nh6 25. Qd1 Qg7 26. Rc3 Rc7 27. Bf1 Rcf7 28. Nh3 Nfg4 29. Be2 Nf2 30. Nxf2 Rxf2 31. Rf1 Rxf1+ 32. Nxf1 Qf6 33. Qe1 c5 34. cxd5 cxd4 35. Rc6 d3 36. Rxf6 Rxf6 37. Bh5 Rd6 38. Qc3+ Kg8 39. Qe5 1-0

[Event "Rhein Main op-A 15th"]
[Site "Bad Homburg"]
[Date "2012.06.07"]
[Round "3"]
[White "Machlin, Maxim"]
[Black "Kuenitz, Klaus"]
[Result "1-0"]
[WhiteElo "2002"]
[BlackElo "1697"]
[PlyCount "45"]
[EventDate "2012.06.06"]
[EventType "swiss"]
[EventRounds "7"]
[EventCountry "GER"]
[SourceTitle "EXT 2013"]
[Source "ChessBase"]
[SourceDate "2012.11.22"]
[SourceVersion "1"]
[SourceVersionDate "2012.11.22"]
[SourceQuality "1"]

1. e4 e6 2. d4 d5 3. Nc3 dxe4 4. Nxe4 Nd7 5. Nf3 Ngf6 6. Nxf6+ Nxf6 7. Bd3 c5 8. Be3 Ng4 9. Bg5 Qa5+ 10. c3 Bd7 11. h3 Nf6 12. dxc5 Qxc5 13. 0-0 Be7 14. Re1 0-0 15. Bxf6 Bxf6 16. Bxh7+ Kxh7 17. Qxd7 Rad8 18. Qxb7 Rb8 19. Qe4+ g6 20. Rab1 Rb6 21. Ne5 Bxe5 22. Qxe5 Qc4 23. Re4 1-0

[Event "Wiesbaden op 23rd"]
[Site "Wiesbaden"]
[Date "2011.08.27"]
[Round "4"]
[White "Machlin, Maxim"]
[Black "Kaspereit, Holger"]
[Result "1-0"]
[WhiteElo "1943"]
[BlackElo "2124"]
[PlyCount "76"]
[EventDate "2011.08.25"]
[EventType "swiss"]
[EventRounds "7"]
[EventCountry "GER"]
[SourceTitle "CBM 144 Extra"]
[Source "ChessBase"]
[SourceDate "2011.10.28"]
[SourceVersion "1"]
[SourceVersionDate "2011.10.28"]
[SourceQuality "1"]

1. c4 e5 2. g3 Nc6 3. Bg2 Nf6 4. Nc3 Bc5 5. a3 a5 6. e3 d6 7. Nge2 Bf5 8. d4 Ba7 9. 0-0 0-0 10. d5 Ne7 11. e4 Bg4 12. h3 Bd7 13. Bg5 Ng6 14. Qd2 h6 15. Be3 Nh7 16. Kh2 f5 17. Bxa7 Rxa7 18. f4 Ra6 19. Rae1 Rb6 20. Qc2 exf4 21. Nxf4 Nxf4 22. Rxf4 Qf6 23. Ref1 g6 24. exf5 Bxf5 25. Qd2 Qg7 26. Nb5 a4 27. Nd4 Bd7 28. Ne6 Bxe6 29. dxe6 Rxf4 30. Rxf4 Rxb2 31. Qd5 c6 32. Qxd6 Ng5 33. Qd8+ Kh7 34. e7 Ne6 35. e8Q Nxd8 36. Qxd8 Re2 37. Qd3 Re7 38. Be4 Qa1 1-0

[Event "Rhein Main op-A 14th"]
[Site "Bad Homburg"]
[Date "2011.06.26"]
[Round "7"]
[White "Machlin, Maxim"]
[Black "Isserman, Ryhor"]
[Result "0-1"]
[WhiteElo "1943"]
[BlackElo "2308"]
[PlyCount "62"]
[EventDate "2011.06.22"]
[EventType "swiss"]
[EventRounds "7"]
[EventCountry "GER"]
[SourceTitle "EXT 2012"]
[Source "ChessBase"]
[SourceDate "2011.11.24"]
[SourceVersion "1"]
[SourceVersionDate "2011.11.24"]
[SourceQuality "1"]

1. e4 g6 2. d4 Bg7 3. c3 d6 4. f4 Nf6 5. Bd3 0-0 6. e5 Nd5 7. Nf3 c5 8. 0-0 cxd4 9. cxd4 Nc6 10. Nc3 dxe5 11. fxe5 Bg4 12. Be4 Nb6 13. Be3 Qd7 14. Bxc6 Qxc6 15. Qe1 Nc4 16. b3 Nxe3 17. Qxe3 Rac8 18. Rac1 Rfd8 19. Qf4 Qd7 20. d5 Qf5 21. Qxf5 Bxf5 22. h4 Bh6 23. Ng5 f6 24. g4 Bxg4 25. exf6 exf6 26. Nce4 Rxc1 27. Nxf6+ Kg7 28. Rxc1 Kxf6 29. Rf1+ Bf5 30. Ne4+ Ke5 31. Nc3 Bd2 0-1

[Event "Rhein Main op-A 14th"]
[Site "Bad Homburg"]
[Date "2011.06.24"]
[Round "4"]
[White "Machlin, Maxim"]
[Black "Ziese, Gerhard"]
[Result "1-0"]
[WhiteElo "1943"]
[BlackElo "2084"]
[PlyCount "91"]
[EventDate "2011.06.22"]
[EventType "swiss"]
[EventRounds "7"]
[EventCountry "GER"]
[SourceTitle "EXT 2012"]
[Source "ChessBase"]
[SourceDate "2011.11.24"]
[SourceVersion "1"]
[SourceVersionDate "2011.11.24"]
[SourceQuality "1"]

1. e4 e5 2. Nf3 Nc6 3. Bc4 Nf6 4. d4 exd4 5. e5 d5 6. Bb5 Ne4 7. Nxd4 Bd7 8. Bxc6 bxc6 9. 0-0 Bc5 10. f3 Ng5 11. Be3 0-0 12. f4 Ne4 13. Nd2 Nxd2 14. Qxd2 Bb6 15. c3 Qe7 16. Rae1 c5 17. Nb3 c6 18. Qf2 c4 19. Nc5 Bf5 20. Bd4 Rfe8 21. Re2 Rad8 22. Rfe1 Qc7 23. Re3 Re7 24. h3 h5 25. Qh4 Re6 26. Nxe6 fxe6 27. g4 c5 28. gxf5 cxd4 29. cxd4 Bxd4 30. Kh2 Bxe3 31. Rxe3 d4 32. Rg3 exf5 33. Qxh5 d3 34. Qd1 Qb6 35. Qd2 Qd4 36. h4 a5 37. h5 Kf7 38. Rg5 Rb8 39. Kh3 Rxb2 40. Qxa5 Qe3+ 41. Rg3 Qb6 42. Qd5+ Kf8 43. e6 Qc7 44. h6 g6 45. Qd4 d2 46. Rxg6 1-0

[Event "Rhein Main op-A 14th"]
[Site "Bad Homburg"]
[Date "2011.06.22"]
[Round "1"]
[White "Machlin, Maxim"]
[Black "Schmid, Roland"]
[Result "0-1"]
[WhiteElo "1943"]
[BlackElo "2003"]
[PlyCount "80"]
[EventDate "2011.06.22"]
[EventType "swiss"]
[EventRounds "7"]
[EventCountry "GER"]
[SourceTitle "EXT 2012"]
[Source "ChessBase"]
[SourceDate "2011.11.24"]
[SourceVersion "1"]
[SourceVersionDate "2011.11.24"]
[SourceQuality "1"]

1. e4 e6 2. d4 d5 3. Nc3 Bb4 4. e5 Ne7 5. Nf3 c5 6. Bd2 cxd4 7. Nb5 Bxd2+ 8. Qxd2 0-0 9. Nbxd4 b6 10. Bd3 Ba6 11. Ng5 Bxd3 12. Qxd3 Nf5 13. Ndxe6 fxe6 14. Nxe6 Qd7 15. Nxf8 Kxf8 16. Rd1 Nc6 17. Qxd5 Qxd5 18. Rxd5 Nfe7 19. Rd2 Nxe5 20. c3 g5 21. 0-0 N7g6 22. f4 gxf4 23. h4 h5 24. Rd5 Kg7 25. g3 fxg3 26. Kg2 Nxh4+ 27. Kxg3 Nhg6 28. Rf5 h4+ 29. Kh3 Re8 30. b3 Re7 31. Rd2 Nf7 32. c4 Re3+ 33. Kg2 Nfe5 34. Kh1 h3 35. Rf1 Nh4 36. Rg1+ Kf6 37. Rd6+ Kf5 38. Rd2 Nef3 39. Rf2 Kf4 40. Rc2 Nxg1 0-1

[Event "Frankfurt-ch"]
[Site "Frankfurt"]
[Date "2010.06.14"]
[Round "7"]
[White "Reschke, Thomas"]
[Black "Machlin, Maxim"]
[Result "1-0"]
[WhiteElo "2184"]
[BlackElo "1933"]
[PlyCount "37"]
[EventDate "2010.04.26"]
[EventType "swiss"]
[EventRounds "7"]
[EventCountry "GER"]
[SourceTitle "EXT 2011"]
[Source "ChessBase"]
[SourceDate "2010.11.26"]
[SourceVersion "1"]
[SourceVersionDate "2010.11.26"]
[SourceQuality "1"]

1. c4 e5 2. g3 Nf6 3. Bg2 c6 4. d4 exd4 5. Qxd4 d5 6. Nc3 dxc4 7. Qxc4 Be6 8. Qa4 Nbd7 9. Nf3 Nc5 10. Qc2 Qa5 11. 0-0 Nb3 12. Rb1 Nxc1 13. Rbxc1 0-0-0 14. a3 h6 15. b4 Qxa3 16. b5 Qc5 17. bxc6 bxc6 18. Qa4 Qb4 19. Qxc6+ 1-0

[Event "Frankfurt-ch"]
[Site "Frankfurt"]
[Date "2010.05.17"]
[Round "4"]
[White "Machlin, Maxim"]
[Black "Kreiling, Carsten"]
[Result "0-1"]
[WhiteElo "1933"]
[BlackElo "2126"]
[PlyCount "88"]
[EventDate "2010.04.26"]
[EventType "swiss"]
[EventRounds "7"]
[EventCountry "GER"]
[SourceTitle "EXT 2011"]
[Source "ChessBase"]
[SourceDate "2010.11.26"]
[SourceVersion "1"]
[SourceVersionDate "2010.11.26"]
[SourceQuality "1"]

1. e4 c5 2. c3 d6 3. d4 Nf6 4. dxc5 Nc6 5. Bb5 Nxe4 6. Qd5 Nxc5 7. Bxc6+ bxc6 8. Qxc6+ Bd7 9. Qf3 Qc8 10. Nd2 Bc6 11. Qg3 Qf5 12. Ne2 Nd3+ 13. Kf1 e5 14. Nb3 Qe4 15. h4 g6 16. Rh3 Nxc1 17. Rxc1 Be7 18. Re1 Qd5 19. f4 Bd7 20. Qd3 Qc6 21. Re3 Bf5 22. Qd1 Bxh4 23. Nbd4 Qb6 24. g3 Bh3+ 25. Kg1 Bf6 26. fxe5 dxe5 27. Nf4 0-0 28. Nd5 Qd6 29. Nxf6+ Qxf6 30. Rxe5 Rad8 31. Qf3 Qb6 32. g4 Rxd4 33. cxd4 Qxd4+ 34. Kh2 Bxg4 35. Qe4 Qxb2+ 36. Kg3 Be6 37. Rh1 Qxa2 38. Qe3 Qb3 39. Qxb3 Bxb3 40. Ra1 Ra8 41. Rea5 Be6 42. Rxa7 Rd8 43. Kf4 Rd4+ 44. Kg5 Kg7 0-1

[Event "Hessen-ch Gr-C 64th"]
[Site "Bad Vilbel"]
[Date "2010.04.04"]
[Round "7"]
[White "Machlin, Maxim"]
[Black "Risius, Philipp"]
[Result "1/2-1/2"]
[WhiteElo "1933"]
[BlackElo "1777"]
[PlyCount "80"]
[EventDate "2010.03.31"]
[EventType "swiss"]
[EventRounds "7"]
[EventCountry "GER"]
[SourceTitle "EXT 2011"]
[Source "ChessBase"]
[SourceDate "2010.11.26"]
[SourceVersion "1"]
[SourceVersionDate "2010.11.26"]
[SourceQuality "1"]

1. e4 d5 2. exd5 Nf6 3. d4 Nxd5 4. c4 Nb6 5. Nc3 Nc6 6. Be3 e6 7. Nf3 Ne7 8. Bd3 Nf5 9. Bxf5 exf5 10. a3 g6 11. 0-0 Bg7 12. Rc1 0-0 13. b3 h6 14. h4 Nd7 15. Qd2 Kh7 16. Rce1 Nf6 17. Bf4 c6 18. Re2 Be6 19. Rfe1 Qb6 20. Rb1 Ne4 21. Qd3 Nxc3 22. Qxc3 c5 23. dxc5 Qxc5 24. Be5 Bxe5 25. Rxe5 Qxa3 26. h5 Qd6 27. Rbe1 Rae8 28. Nh4 Rg8 29. c5 Qd7 30. hxg6+ fxg6 31. Qe3 Bf7 32. Re7 Rxe7 33. Qxe7 Qe8 34. Nxg6 Qxe7 35. Nxe7 Re8 36. b4 Ba2 37. f3 a6 38. Kf2 Rf8 39. Re5 Bb1 40. g3 f4 1/2-1/2

[Event "Hessen-ch Gr-C 64th"]
[Site "Bad Vilbel"]
[Date "2010.04.02"]
[Round "4"]
[White "Launert, Martin"]
[Black "Machlin, Maxim"]
[Result "1-0"]
[WhiteElo "1892"]
[BlackElo "1933"]
[PlyCount "54"]
[EventDate "2010.03.31"]
[EventType "swiss"]
[EventRounds "7"]
[EventCountry "GER"]
[SourceTitle "EXT 2011"]
[Source "ChessBase"]
[SourceDate "2010.11.26"]
[SourceVersion "1"]
[SourceVersionDate "2010.11.26"]
[SourceQuality "1"]

1. e4 Nf6 2. e5 Nd5 3. d4 d6 4. Nf3 g6 5. Ng5 e6 6. c4 Nb6 7. Qf3 Qe7 8. exd6 cxd6 9. Ne4 Bg7 10. c5 dxc5 11. dxc5 Nd5 12. Nd6+ Kd7 13. Bb5+ Nc6 14. 0-0 Be5 15. Nxf7 Bf6 16. Nxh8 Bxh8 17. Bxc6+ bxc6 18. Nc3 Ba6 19. Nxd5 cxd5 20. c6+ Kxc6 21. Re1 Rf8 22. Qg4 Rf5 23. Qa4+ Bb5 24. Qc2+ Kb7 25. a4 Bc4 26. Ra3 Bd4 27. Be3 Qb4 1-0

[Event "Hessen-ch Gr-C 64th"]
[Site "Bad Vilbel"]
[Date "2010.04.01"]
[Round "3"]
[White "Machlin, Maxim"]
[Black "Egenolf, Dirk"]
[Result "1-0"]
[WhiteElo "1933"]
[BlackElo "1911"]
[PlyCount "59"]
[EventDate "2010.03.31"]
[EventType "swiss"]
[EventRounds "7"]
[EventCountry "GER"]
[SourceTitle "EXT 2011"]
[Source "ChessBase"]
[SourceDate "2010.11.26"]
[SourceVersion "1"]
[SourceVersionDate "2010.11.26"]
[SourceQuality "1"]

1. e4 c5 2. c3 d6 3. d4 cxd4 4. cxd4 a6 5. f4 g6 6. Nf3 Bg7 7. h3 Nf6 8. Nc3 0-0 9. Be2 Nh5 10. 0-0 Ng3 11. Rf2 Nxe2+ 12. Qxe2 Nc6 13. Be3 b5 14. g4 b4 15. Nd1 d5 16. e5 e6 17. h4 a5 18. Rh2 f6 19. h5 fxe5 20. fxe5 Qe8 21. Nf2 Ba6 22. Qd1 Rc8 23. Nh4 Nxe5 24. dxe5 Bxe5 25. Rh3 Bxb2 26. hxg6 Bxa1 27. gxh7+ Kxh7 28. Nf3+ Kg6 29. Qb1+ Kf6 30. Bg5+ 1-0

[Event "Rhein Main op 12th"]
[Site "Bad Homburg"]
[Date "2009.06.14"]
[Round "7"]
[White "Marten, Gero"]
[Black "Machlin, Maxim"]
[Result "1-0"]
[WhiteElo "2054"]
[BlackElo "1936"]
[PlyCount "75"]
[EventDate "2009.06.10"]
[EventType "swiss"]
[EventRounds "7"]
[EventCountry "GER"]
[SourceTitle "CBM 131 Extra"]
[Source "ChessBase"]
[SourceDate "2009.09.03"]
[SourceVersion "2"]
[SourceVersionDate "2009.09.16"]
[SourceQuality "1"]

1. Nf3 d5 2. b3 Nf6 3. Bb2 c5 4. e3 Nc6 5. Bb5 a6 6. Bxc6+ bxc6 7. c4 g6 8. 0-0 Bg7 9. d3 0-0 10. Qc2 Nd7 11. Bxg7 Kxg7 12. Nc3 Bb7 13. Na4 Rc8 14. Qc3+ Kg8 15. Ne5 Nxe5 16. Qxe5 Qd6 17. Qg3 e5 18. Rad1 d4 19. e4 Rce8 20. f4 exf4 21. Rxf4 Re5 22. Rdf1 f6 23. Rf5 Bc8 24. Rxe5 fxe5 25. Rxf8+ Kxf8 26. Qg5 Kg7 27. Qd2 Kf8 28. Qf2+ Ke8 29. Qh4 Qc7 30. Qf6 Qa5 31. Qxe5+ Kd8 32. h3 Qe1+ 33. Kh2 Bxh3 34. Kxh3 Qe3+ 35. Qg3 Qg1 36. Nxc5 Qh1+ 37. Qh2 Qc1 38. Qd6+ 1-0

[Event "Rhein Main op 12th"]
[Site "Bad Homburg"]
[Date "2009.06.13"]
[Round "6"]
[White "Machlin, Maxim"]
[Black "Kuegler, Michael"]
[Result "1-0"]
[WhiteElo "1936"]
[BlackElo "1710"]
[PlyCount "37"]
[EventDate "2009.06.10"]
[EventType "swiss"]
[EventRounds "7"]
[EventCountry "GER"]
[SourceTitle "CBM 131 Extra"]
[Source "ChessBase"]
[SourceDate "2009.09.03"]
[SourceVersion "2"]
[SourceVersionDate "2009.09.16"]
[SourceQuality "1"]

1. e4 e6 2. Nf3 d5 3. Nc3 d4 4. Ne2 c5 5. c3 Nc6 6. cxd4 cxd4 7. Qa4 Bc5 8. b4 d3 9. bxc5 dxe2 10. Bxe2 Nf6 11. Bb2 0-0 12. 0-0 Qc7 13. e5 Nd7 14. d4 b6 15. Rfc1 bxc5 16. Ba3 Nb6 17. Qb5 a6 18. Qxc5 Bb7 19. Rab1 1-0

[Event "Rhein Main op 12th"]
[Site "Bad Homburg"]
[Date "2009.06.11"]
[Round "3"]
[White "Machlin, Maxim"]
[Black "Zweschper, Erich"]
[Result "1/2-1/2"]
[WhiteElo "1936"]
[BlackElo "2133"]
[PlyCount "49"]
[EventDate "2009.06.10"]
[EventType "swiss"]
[EventRounds "7"]
[EventCountry "GER"]
[SourceTitle "CBM 131 Extra"]
[Source "ChessBase"]
[SourceDate "2009.09.03"]
[SourceVersion "2"]
[SourceVersionDate "2009.09.16"]
[SourceQuality "1"]

1. e4 d6 2. d4 Nf6 3. Nc3 g6 4. f4 Bg7 5. Nf3 0-0 6. Bd3 Bg4 7. 0-0 Nfd7 8. Ne2 c5 9. c3 a6 10. f5 Nc6 11. Be3 b5 12. Qd2 Nf6 13. h3 Bxf3 14. Rxf3 d5 15. e5 Ne4 16. Bxe4 dxe4 17. Rf4 Ra7 18. Rh4 Rd7 19. Bh6 cxd4 20. cxd4 Nxd4 21. Nxd4 Bxe5 22. Bxf8 Bxd4+ 23. Kf1 Ba7 24. Qc3 Bd4 25. Qd2 1/2-1/2